000 00385nam a2200169Ia 4500
001 31122
003 IN-NITTTR
005 20251114233418.0
008 251113s9999||||xx |||||||||||||| ||eng||
040 _beng
040 _cIN-NITTTR
041 _aeng
082 _a005.133 G167E
100 _aGardener, Mark
245 0 _aEssential R reference /
_cGardener, Mark
942 _2ddc
_cBK
999 _c33752
_d33752